| 000 | 00434nam a22001697a 4500 | ||
|---|---|---|---|
| 003 | CEME | ||
| 005 | 20210628204007.0 | ||
| 008 | 210316b xxu||||| |||| 00| 0 eng d | ||
| 020 | _a81-224-0472-3 | ||
| 040 | _c. | ||
| 082 | _a621.3815 SHA'D | ||
| 100 |
_aShah, M. M _968174 |
||
| 245 | _aDesign and electronics circuits and computer aided design | ||
| 260 |
_aNEWDELHI _bWILEY EASTERN _c1993 |
||
| 300 | _a234P | ||
| 942 |
_cBK _2ddc |
||
| 999 |
_c575801 _d575801 |
||